20 poemas de amor y una canción desesperada / (Record no. 102902)

MARC details
000 -LEADER
campo de control de longitud fija 00818nam a2200241 i 4500
001 - NÚMERO DE CONTROL
campo de control 102902
003 - IDENTIFICADOR DE NÚMERO DE CONTROL
campo de control ES-MaACL
005 - FECHA Y HORA DE LA ÚLTIMA TRANSACCIÓN
campo de control 20250430203730.0
007 - CAMPO FIJO DE DESCRIPCIÓN FÍSICA--INFORMACIÓN GENERAL
campo de control de longitud fija t|
008 - DATOS DE LONGITUD FIJA--INFORMACIÓN GENERAL
campo de control de longitud fija 051215s1979 sp af ||||1| spa d
020 ## - NÚMERO INTERNACIONAL ESTÁNDAR DEL LIBRO
Número Internacional Estándar del Libro 84-85692-00-4
080 ## - NÚMERO DE LA CLASIFICACIÓN DECIMAL UNIVERSAL
Número de la Clasificación Decimal Universal 860(83)-14"19"
080 ## - NÚMERO DE LA CLASIFICACIÓN DECIMAL UNIVERSAL
Número de la Clasificación Decimal Universal 76"19"
080 ## - NÚMERO DE LA CLASIFICACIÓN DECIMAL UNIVERSAL
Número de la Clasificación Decimal Universal 74"19"
100 1# - ENTRADA PRINCIPAL--NOMBRE DE PERSONA
Nombre de persona Neruda, Pablo,
Fechas asociadas al nombre 1904-1973
9 (RLIN) 85398
245 10 - MENCIÓN DEL TÍTULO
Título 20 poemas de amor y una canción desesperada /
Mención de responsabilidad, etc. Pablo Neruda ; presentada por... Rafael Alberti... [et al.] ; con 21 aguafuertes y 22 dibujos de... Manuel Alcorlo... [et al.].
260 ## - PUBLICACIÓN, DISTRIBUCIÓN, ETC.
Lugar de publicación, distribución, etc. Madrid :
Nombre del editor, distribuidor, etc. M. Montal,
Fecha de publicación, distribución, etc. [1979]
300 ## - DESCRIPCIÓN FÍSICA
Extensión 103 p., [21] h. de lám. :
Otras características físicas il. ;
Dimensiones 51 cm.
700 1# - ENTRADA AGREGADA--NOMBRE PERSONAL
Nombre de persona Alberti, Rafael,
Fechas asociadas al nombre 1902-1999
9 (RLIN) 240174
700 1# - ENTRADA AGREGADA--NOMBRE PERSONAL
Nombre de persona Alcorlo, Manuel.
9 (RLIN) 19576
852 4# - LOCALIZACIÓN
Ubicación ES-MaACL
Número de control de estantería GF-56
Holdings
Estatus retirado Estado de pérdida Estado de daño No para préstamo Biblioteca de origen Biblioteca actual Ubicación en estantería Fecha de adquisición Fuente de adquisición Total de préstamos Signatura topográfica completa Código de barras Visto por última vez Precio de reemplazo Tipo de ítem Koha
        Biblioteca del Ateneo de Madrid Biblioteca del Ateneo de Madrid Depósito 2 17/01/2008     GF-56 1107429 23/02/2023 23/02/2023 Libro impreso